000 00501nam a2200205Ia 4500
001 7083
003 GE_BSU
008 181216s||||||||xx |||||||||||||| ||und||
040 _cGE_BSU
080 _a515.14
100 _aАтья,М.
245 _aЛекции по К-теории
245 _cПод.ред.А.А.Кириллова
260 _aМосква
260 _bМир
260 _c1967
300 _a250стр. 20см.
653 _aЛекции по К-теории
942 _cBK
999 _c40472
_d40472